| 000 | 01788nam0a2200313 4500 | ||
|---|---|---|---|
| 001 | RU\NLR\bibl\842944 | ||
| 005 | 20260407053254.0 | ||
| 021 |
_aRU _b2005-50887 _92481 |
||
| 035 | _a(NLR Aleph) 000831763 | ||
| 090 |
_a1365269 _c1365269 |
||
| 100 | _a20050920d2005 |||y0rusy50 ca | ||
| 101 | 0 | _arus | |
| 102 | _aRU | ||
| 105 | _aa ||||||||| | ||
| 200 | 1 |
_aНациональные интересы России на Дальнем Востоке: проблемы глобализации _eсборник научных работ преподавателей, аспирантов и студентов _e35-летию Академии _fМ-во образования и науки Рос. Федерации, Федер. агентство по образованию, Гос. образоват. учреждение высш. проф. образования "Хабар. гос. акад. экономики и права", Фак. "Междунар. экон. отношения" |
|
| 210 |
_aХабаровск _cХГФЭП _d2005 |
||
| 215 |
_a187 с. _cил. _d21 |
||
| 320 | _aБиблиогр. в конце ст. | ||
| 607 |
_aРоссийская Федерация _jСборники _xЭкономические взаимоотношения _yДальний Восток _92132852 _3RU\NLR\auth\661286526 |
||
| 686 | _aУ9(2)8(2Р55)я43 | ||
| 686 | _aУ.я43 | ||
| 711 | 0 | 2 |
_aХабаровская государственная академия экономики и права _bФакультет международных экономических отношений _9544379 _3RU\NLR\AUTH\8810023175 |
| 801 | 0 |
_aRU _bNLR _c20050920 _grcr |
|
| 801 | 1 |
_aRU _bNLR _c20050920 |
|
| 942 | _cBOOK | ||
| 980 | _aNB | ||
| 980 | _aNBR | ||